|
|
|
|
| LEADER |
00000nam0a2200000 4500 |
| 001 |
190578 |
| 005 |
20231101224308.0 |
| 010 |
|
|
|a 9785945770461
|
| 035 |
|
|
|a (RuTPU)RU\TPU\book\207715
|
| 090 |
|
|
|a 190578
|
| 100 |
|
|
|a 20110126d2010 k y0rusy50 ca
|
| 101 |
0 |
|
|a rus
|
| 102 |
|
|
|a RU
|
| 105 |
|
|
|a y z 001zy
|
| 200 |
1 |
|
|a Индексирование фундаментальных научных направлений кодами информационных классификаций: Универсальная десятичная классификация
|f О. А. Антошкова [и др.]
|g Российская академия наук (РАН), Всероссийский институт научной и технической информации (ВИНИТИ)
|
| 210 |
|
|
|a Москва
|c Изд-во ВИНИТИ РАН
|d 2010
|
| 215 |
|
|
|a 322 с.
|
| 320 |
|
|
|a Библиогр.: с. 317-321.
|
| 330 |
|
|
|a В книге обобщается многолетний опыт коллектива ВИНИТИ РАН по разработке, ведению и применению систем классификации научной и технической информации. Подробно описывается Универсальная десятичная классификация (УДК), которая может служить основой смысловой систематизации научной, технической и другой информации в условиях перехода информационной практики от традиционных носителей данных к глобальным компьютерным сетям.
|
| 606 |
1 |
|
|a Универсальная десятичная классификация
|x УДК
|2 stltpush
|3 (RuTPU)RU\TPU\subj\63046
|9 80094
|
| 610 |
1 |
|
|a библиотечное дело
|
| 610 |
1 |
|
|a систематические каталоги
|
| 610 |
1 |
|
|a таблицы
|
| 610 |
1 |
|
|a классификационные системы
|
| 610 |
1 |
|
|a УДК
|
| 610 |
1 |
|
|a индексирование
|
| 686 |
|
|
|a Ч736.241.21(0)2
|v LBC/SL-A
|2 rubbk
|
| 701 |
|
1 |
|a Антошкова
|b О. А.
|
| 701 |
|
1 |
|a Астахова
|b Т. С.
|
| 701 |
|
1 |
|a Белоозеров
|b В. Н.
|
| 701 |
|
1 |
|a Смирнова
|b О. В.
|
| 701 |
|
1 |
|a Соловьева
|b И. М.
|
| 701 |
|
1 |
|a Сукиасян
|b Э. Р.
|
| 701 |
|
1 |
|a Сурикова
|b Н. Г.
|
| 712 |
0 |
2 |
|a Российская академия наук (РАН)
|b Всероссийский институт научной и технической информации (ВИНИТИ)
|c (Москва)
|c (1991- )
|2 stltpush
|3 (RuTPU)RU\TPU\col\2925
|
| 801 |
|
1 |
|a RU
|b 63413507
|c 20110126
|
| 801 |
|
2 |
|a RU
|b 63413507
|c 20110315
|g RCR
|
| 942 |
|
|
|c BK
|
| 959 |
|
|
|a 13/20110126
|d 1
|e 1180,00
|f НМО:1
|